000 00713nam a2200289Ia 4500
005 20260324145712.0
008 008 260324s9999 xx 000 0 eng d
020 _a9780429050947
037 _aEBOOK
040 _aCRL
040 _beng
040 _cCRL
041 _2eng
041 _aeng
084 _qCRL
100 _aLloyd D Musolf
_91223895
245 0 _aMalayasia's Parliamentary System
245 0 _bRepresentative Politics And Policymaking In A Divided Society
260 _bTaylor and Francis
260 _c1979
365 _a
365 _b230
856 _uhttp://www.taylorfrancis.com/books/9780429050947
942 _cEBOOK
999 _c1832166
_d1832166